The theory of machines / (Record no. 183781)

000 -LEADER
fixed length control field 00900 a2200181 4500
003 - CONTROL NUMBER IDENTIFIER
control field Nust
005 - DATE AND TIME OF LATEST TRANSACTION
control field 20221226114431.0
040 ## - CATALOGING SOURCE
Transcribing agency Nust
082 ## - DEWEY DECIMAL CLASSIFICATION NUMBER
Classification number 621.39,BEV
100 ## - MAIN ENTRY--PERSONAL NAME
Personal name Bevan, Thomas
9 (RLIN) 41936
245 ## - TITLE STATEMENT
Title The theory of machines /
Statement of responsibility, etc. Thomas Bevan
250 ## - EDITION STATEMENT
Edition statement 3rd ed.
260 ## - PUBLICATION, DISTRIBUTION, ETC.
Place of publication, distribution, etc. New Delhi
Name of publisher, distributor, etc. CBS Pub.
Date of publication, distribution, etc. 2003
300 ## - PHYSICAL DESCRIPTION
Extent 621 p.
505 ## - FORMATTED CONTENTS NOTE
Formatted contents note Definitions Simple Mechanisms (Page-1), Motion Inertia (Page-14), Velocity and Acceleration (Page-68), Mechanism with Lower Pairs (Page-121), Valve Diagrams and Valve Gears (Page-142), Friction (Page-177), Belt Rope and Chain Drives (Page-223), Brakes and Dynamometers (Page-248), Cams (Page-281), Toothed Gearing (Page-315), Gear Trains (Page-366), Dynamics of Machines Turning Moment The Flywheel (Page-412), Governors (Page-454), Balancing (Page-489), Vibrations (Page-532).
650 ## - SUBJECT ADDED ENTRY--TOPICAL TERM
Topical term or geographic name entry element The theory of machines
9 (RLIN) 105903
942 ## - ADDED ENTRY ELEMENTS (KOHA)
Source of classification or shelving scheme
Koha item type Book
Holdings
Withdrawn status Lost status Source of classification or shelving scheme Damaged status Not for loan Permanent Location Current Location Shelving location Date acquired Full call number Barcode Date last seen Price effective from Koha item type Public note
          Military College of Signals (MCS) Military College of Signals (MCS) General Stacks 12/12/2016 621.39,BEV MCS111 12/08/2016 12/12/2016 Book Almirah No.40, Shelf No.1
© 2023 Central Library, National University of Sciences and Technology. All Rights Reserved.